|
|
|
|
| LEADER |
00000nab a2200000 4500 |
| 001 |
vtls012060406 |
| 003 |
SK-MaSNL |
| 005 |
20260305031115.0 |
| 008 |
210629|2020 xo |||||||| ||00 |slo |
| 040 |
|
|
|a SNSK
|b slo
|e rda
|
| 041 |
0 |
|
|a slo
|
| 043 |
|
|
|a e-xo---
|
| 044 |
|
|
|a xo
|c SK
|
| 072 |
|
7 |
|a 929.5/.9
|x Genealógia. Heraldika. Šľachta. Vlajky
|2 konspekt
|
| 080 |
|
|
|a 929.7
|2 2011
|
| 080 |
|
|
|a 929.732
|2 2011
|
| 080 |
|
|
|a 911.373(091)
|2 2011
|
| 080 |
|
|
|a 272
|2 2011
|
| 080 |
|
|
|a 275.4
|2 2011
|
| 100 |
1 |
|
|a Lazniová, Miroslava
|4 aut
|9 362560
|
| 240 |
1 |
0 |
|a Z histórie Markušoviec
|
| 245 |
1 |
0 |
|a Zmierenie
|c Miroslava Lazniová
|
| 336 |
|
|
|a text
|b txt
|2 rdacontent
|
| 337 |
|
|
|a bez média
|b n
|2 rdamedia
|
| 338 |
|
|
|a zväzok
|b nc
|2 rdacarrier
|
| 600 |
3 |
7 |
|a Máriássy (rod)
|2 SNK
|9 84021
|
| 610 |
2 |
7 |
|a Kostol sv. Michala archanjela (Markušovce, Slovensko)
|2 SNK
|9 1029185
|
| 648 |
|
7 |
|a 18. storočie
|2 SNK
|9 287325
|
| 650 |
0 |
7 |
|a šľachta
|2 SNKPH
|9 28113
|
| 650 |
0 |
7 |
|a šľachtické rody
|2 SNKPH
|9 31798
|
| 650 |
0 |
7 |
|a dejiny obcí
|2 SNKPH
|9 164834
|
| 650 |
0 |
7 |
|a katolicizmus
|2 SNKPH
|9 4024
|
| 650 |
0 |
7 |
|a kalvinizmus
|2 SNKPH
|9 31105
|
| 651 |
|
7 |
|a Markušovce (Slovensko)
|2 SNKPHgeo
|9 31735
|
| 651 |
|
7 |
|a Spišská Nová Ves (Slovensko : okres)
|2 SNKPHgeo
|9 22259
|
| 651 |
|
7 |
|a Spiš (Slovensko : región)
|2 SNKPHgeo
|9 17692
|
| 655 |
|
7 |
|a správy
|2 SNKPH
|9 70563
|
| 773 |
0 |
|
|t Pokoj a dobro
|g Roč. 22., č. 2 (2020), s. 6
|
| 958 |
|
|
|a RG
|
| 999 |
|
|
|c 3314701
|d 3316631
|